00339cam a22000977a 4500008004000000082001900040245010100059260003900160300001200199700003000211180718b1956 xxu||||| |||| 00| 0 eng d aO096x54 In2a/4 aSummary proceeding of the fourth meeting of the central council of healthcby Ministry of Health aNew DelhibPresident's Pressc1956 av, 104p aIndia. Ministry of Health